000
00327nam a22001457a 4500
003
OSt
008
250519b |||||||| |||| 00| 0 eng d
100
_a
BEHAL, Vijay Kumar
245
_a
Bhawan Bhaskar
250
_a
12th
260
_a
New Delhi
_b
Arya Prakashan
_c
2012
300
_a
104
650
_a
General
942
_2
ddc
_c
BK
999
_c
13590
_d
13590